Proposals for safer landfill sites (Record no. 71045)
[ view plain ]
| 000 -LEADER | |
|---|---|
| fixed length control field | 01052cam a2200217 4500 |
| 001 - CONTROL NUMBER | |
| control field | WB3831-45 |
| 008 - FIXED-LENGTH DATA ELEMENTS--GENERAL INFORMATION | |
| fixed length control field | 020829n2002 000 0 eng u |
| 035 ## - SYSTEM CONTROL NUMBER | |
| System control number | (Sirsi) u119490 |
| 245 ## - TITLE STATEMENT | |
| Title | Proposals for safer landfill sites |
| 260 ## - PUBLICATION, DISTRIBUTION, ETC. | |
| Date of publication, distribution, etc. | 2002 |
| 490 ## - SERIES STATEMENT | |
| Series statement | Scottish Executive Press Release |
| Volume/sequential designation | 29 August 2002, (2) |
| 520 ## - SUMMARY, ETC. | |
| Summary, etc. | A new consultation paper sets out proposals to improve the standards of landfill sites across Scotland and prevent farm dumps from causing environmental damage. The paper is the second consultation on the implementation in Scotland of European Directive 1999/31/EC on the landfill of waste. Consultation deadline is 22 November 2002. "Safer landfill" available at www.scotland.gov.uk/library5/environment/sl2c-00.asp www.scotland.gov.uk/pages/news/2002/08/SEen135.aspx |
| 590 ## - LOCAL NOTE (RLIN) | |
| Local note | WB |
| 650 ## - SUBJECT ADDED ENTRY--TOPICAL TERM | |
| Topical term or geographic name entry element | LANDFILL SITES |
| 650 ## - SUBJECT ADDED ENTRY--TOPICAL TERM | |
| Topical term or geographic name entry element | SCOTLAND |
| 650 ## - SUBJECT ADDED ENTRY--TOPICAL TERM | |
| Topical term or geographic name entry element | AGRICULTURAL WASTE |
| 650 ## - SUBJECT ADDED ENTRY--TOPICAL TERM | |
| Topical term or geographic name entry element | FARMING INDUSTRY |
| 650 ## - SUBJECT ADDED ENTRY--TOPICAL TERM | |
| Topical term or geographic name entry element | EU DIRECTIVES |
| 690 ## - LOCAL SUBJECT ADDED ENTRY--TOPICAL TERM (OCLC, RLIN) | |
| Topical term or geographic name as entry element | ENVIRONMENTAL AND LAND CONSULTANCY-WASTE MANAGEMENT |
| 942 ## - ADDED ENTRY ELEMENTS (KOHA) | |
| Suppress in OPAC | 0 |
| Withdrawn status | Lost status | Source of classification or shelving scheme | Damaged status | Not for loan | Home library | Current library | Shelving location | Date acquired | Total Checkouts | Full call number | Barcode | Date last seen | Copy number | Price effective from | Koha item type |
|---|---|---|---|---|---|---|---|---|---|---|---|---|---|---|---|
| Dewey Decimal Classification | London | London | News article | 29/08/2002 | WB3831-45 | 119490-1001 | 06/08/2019 | 1 | 06/08/2019 | News article |